000 00978 a2200265 4500
005 20250401094854.0
020 _a0195788508
050 _aHD38.5
_bVOG 2006
100 _aVogt, J. J. (John J.)
_eauthor
245 _aBusiness logistics management :
_btheory and practice /
_cJ.J. Vogt, W.J. Pienaar, P.W.C. de Wit ; with contributions by P. Linford, G. de Villiers.
250 _aSecond edition
264 _aOxford ; New York :
_b Oxford University Press,
_c2006
300 _axi, 379 pages .
_billustrations
336 _2rdacontent
_atext
_btxt
337 _2rdamedia
_aunmediated
_bn
338 _2rdacarrier
_avolume
_bnc
500 _a.
504 _aIncludes bibliographical references (p. 311-313) and index.
505 _a.
520 _a.
650 _aBusiness logistics
700 _aPienaar, W. J. (Wessel Johannes), 1950-
_eauthor
700 _aDe Wit, P. W. C. (Pieter Willem Combrink), 1947-
_eauthor
942 _2lcc
_cBK
_eSecond edition
_h38.5
_iVOG
_kHD
999 _c11506
_d11506